Un regalo inmerecido

Gespeichert in:
Bibliographische Detailangaben
1. Verfasser: Rodríguez Vega,Eugenio
Weitere Verfasser: Vega Carballo, José Luis, Bolaños Baldioceda, Fernando
Format: Unbekannt
Veröffentlicht: San José: EUNED. EUCR
Schriftenreihe:Eugenio Fonseca Tortós. Selección de su obra sociológica
Schlagworte:
Tags: Tag hinzufügen
Keine Tags, Fügen Sie den ersten Tag hinzu!

MARC

LEADER 00000 a2200000 04500
001 19492
003 cru CIDCACS/IIS
005 20170426030330.0
008 991231s d
040 |c cru CIDCACS/IIS 
090 |a 05.01.02 E87e 
100 1 |a Rodríguez Vega,Eugenio  |9 4396 
245 |a Un regalo inmerecido  |c Jorge Rovira Mas, José Luis Vega Carballo y Fernando Bolaños Baldioceda 
260 |a San José:   |b EUNED. EUCR  
300 |a páginas 931-936; T. 3   |b   
440 0 |9 4196  |a Eugenio Fonseca Tortós. Selección de su obra sociológica 
650 |a BIOGRAFIAS  
650 |a EUGENIO FONSECA TORTOS  
700 |a   
700 |a Vega Carballo, José Luis  
700 |a   
700 |a Bolaños Baldioceda, Fernando  
700 |a   
773 0 |0 28  |9 522  |a Rovira Mas, Jorge   |d San José: EUNED. EUCR   |o 17954  |t Estratificación social, movilidad social y planificación familiar, y ensayos en honor a Eugenio  |w (cru CIDCACS/IIS)19491  |z 996831111 
942 |2 ddc  |c LI 
999 |c 14377  |d 14377